00901nam a2200301Ia 450000300040000000500170000400800410002102000180006205000100008005000140009010000190010424500430012324500630016624500220022926000180025126000180026926000090028730000220029630000200031830000100033850000300034865000470037865000230042570000110044894200120045999900190047195201090049054520180117131905.0171025s9999 xx 000 0 und d a9781259071317 a658.4 bG172 2011 aGallo, Carmine aThe innovation secrets of Steve Jobs : binsanely different : principles for breakthrough success / cby Carmine Gallo. aPhilippines : bMcGraw Hill,  c2011 axiii, 241 pages : billustrations ; c23cm. aIncludes notes and index. aNew products -- Technological innovations. aCreative thinking. aTitle. 2ddccBK c344492d344492 001040aSSISMbSSISMd2017-10-25l0oSHS 162 Ag259 2007pSSISM3545r2017-10-25 00:00:00w2017-10-25yBK